| 000 | 01399nam a2200325Ia 4500 | ||
|---|---|---|---|
| 001 | 403 | ||
| 003 | OSt | ||
| 005 | 20250528074019.0 | ||
| 008 | 250415b ||||| |||| 00| 1 por d | ||
| 020 | _a9788576839422 | ||
| 040 | _bpor | ||
| 041 | _apor | ||
| 082 |
_a028.5 _bK64d |
||
| 100 | 1 |
_aKinney, Jeff, _d1971- _9597 |
|
| 240 | _aDiary of a Wimpy Kid: Old School | ||
| 245 |
_aDiário de um banana _b: Bons Tempos _c/ Kinney, Jeff ; tradução Alexandre Boide |
||
| 260 |
_aSão Paulo _bVergara & Riba _c2020. |
||
| 300 |
_a217 p. _bil. |
||
| 520 | _aA vida era melhor antigamente. Bem, pelo menos é o que dizem. Mas Greg Heffley, um garoto bastante acostumado ao conforto do mundo moderno, não concorda muito com isso. E uma decisão polêmica vai colocar o seu paraíso tecnológico em curto-circuito: todos em sua cidade resolvem dar um tempo dos aparelhos eletrônicos. Dentro e fora de casa, Greg terá que enfrentar o dia a dia à moda antiga. Será que ele vai conseguir sobreviver do mesmo jeitinho que se fazia nos “bons e velhos tempos”? | ||
| 650 | 0 |
_aLiteratura Americana _984 |
|
| 650 | 0 |
_aInfantojuvenil _9200 |
|
| 650 | 0 |
_aDiário _9599 |
|
| 650 | 0 |
_aAmizade _9556 |
|
| 650 | 0 |
_aVida escolar _9600 |
|
| 655 | 0 |
_aRomance _923 |
|
| 655 | 0 |
_aFicção _922 |
|
| 700 |
_aAlexandre Boiade _cTRADUTOR _9870 |
||
| 830 |
_aDiário de um banana _9598 _vv.10 |
||
| 942 |
_2ddc _cBK |
||
| 999 |
_c403 _d403 |
||